000 00594nam a22001937a 4500
003 OSt
005 20260422095444.0
008 260422b |||||||| |||| 00| 0 eng d
020 _a9781032308524
020 _a9781032308548
020 _a9781003307013
040 _aMMARA-U
_beng
_cMMARA-U
_dMMARA-U
050 _aKZA 1145 .M238 2022
245 _aMaritime Operations Law In Practice :
_bKeys Cases and Incidents /
_cEdited by David Letts and Rob Mclaughlin.
260 _aNew York :
_bRoutledge,
_c2022.
300 _axxiv, 225 pages :
504 _aIncludes Index.
942 _2lcc
_cLOAN LOAN
999 _c33502
_d33499